000 nam a22 a 4500
999 _c573
_d573
003 AKMAL
005 20170504115539.0
008 170504s2006 my | e | 000 0 eng d
020 _a9833710093 (pbk.) :
_cRM27.00
040 _aAKMAL
082 0 4 _a155.2 DUM
_222
090 0 0 _a155.2
_bDUM
100 1 _aDumont, Theron Q.
_91271
245 1 4 _aThe art and science of personal magnetism /
_cTheron Q. Dumont
260 _aBatu Caves, Selangor :
_bMasterpiece Publication,
_c2006
300 _a204p. ;
_c22cm.
650 1 0 _aCharisma (Personality trait)
_91272
650 2 0 _aSelf-actualization (Psychology)
_91127
650 2 0 _aSuccess
_xPsychological aspects
_91186
856 4 1 _uftp://tag856.pnm.gov.my/tag856/buku/9833710093.pdf
_yElectronic Resource
942 _2ddc
_cBOOK